Série - Une famille formidable - Statistiques

Statistiques générales
  • Ce quiz a été pris 71 fois
  • Le résultat moyen est 13 sur 40
Statistiques - réponses
Hint Réponse % Correct
1 Prénom + Nom de la mère Catherine Beaumont
97%
2 Prénom + Nom du père Jacques Beaumont
92%
10 2e fille de la famille Frédérique
71%
3 Meilleure amie de la famille Reine Grenier
71%
4 Fils de 3 Sébastien
71%
7 Fille ainé de 1 et 2 Audrey
68%
11 Mari de 10 Nourredine
63%
13 Mari de 7 Julien
61%
15 Fils ainé de 1 et 2 Nicolas
58%
5 Épouse de 4 Christine
53%
14 Fille de 7 Marie
53%
6 Petit-fils adoptif de 3 Samaï
47%
9 Prénoms des jumeaux Manon & Jérémie
45%
21 Soeur de 1 et mari de 20 Paule
42%
17 Fils de 15 Louis
34%
16 Compagnon de 15 Lucas
34%
8 Père biologique de 7 (Prénom + Nom) et mari de 3 Michel Morand
32%
26 Pays d'origine de 1 et où la famille passe ses vacances Portugal
32%
20 Meilleur ami de 2 (Prénom + Nom) Richard Matisse
29%
24 Maîtresse de 2 et mère de son fils Lucia
26%
27 Métier de 1 (à partir de la saison 3) Pédiatre
24%
12 Prénoms des filles de 10 et 11 Carla & Inès
21%
25 Fils de 2 et 24 José
21%
28 Métier de 2 (à partir de la saison 4) Cuisinier
18%
18 Prénoms de l'époux et de l'épouse de 9 Héléna & Jean-Philippe
16%
32 Que tiennent un des 9 & 25 à Lisbonne Boulangerie
13%
22 Père de 1 et 21 (Prénom + Nom) Nono Mariotti
13%
19 Prénom de la fille de 9 et 18 (Prénom + Nom) Emma Cazaubon
11%
23 Femme de 22 Francesca
11%
38 Endroit où 2 découvre qu'il a des origines et de la famille (saison 12) La Réunion
11%
40 Que souhaite 1 dans la saison 1 et que 2 ne souhaite pas Divorcer
8%
39 Pays fictif dans lequel 3 a créée une fondation Balang-Balang
5%
31 Métiers de 10 et 11 Cuisinier & Sommelière
5%
33 Prénom de l'amant de 1 dans la saison 4 Éric
5%
37 Amie de Catherine (Saison 15) (Prénom) Florence
5%
30 Métier de 21 Journaliste
5%
34 Prénom de la maîtresse de 2 dans la saison 1 Nelly
5%
35 Nom du village dans lequel partent vivre 1 & 2 à partir de la saison 8 Noyer sur Serein
5%
36 Maire de 35 (Prénom) Robert
5%
29 Métier de 22 Voyante
5%
Aucun quiz correspondant
Distribution des résultats
% des personnes avec chaque résultat
Percentile par nombre de réponses
Votre historique - résultats
Vous n’avez pas pris ce quiz